Die Wissenschaften im neunzehnten Jahrhundert, ihr Standpunft und die Refultate ihrer Forschungen

Saved in:
Bibliographic Details
Main Author: Romberg, J. A (Author)
Format: Book
Language:German
Published: Leipzig Romberg 1856
Subjects:
Tags: Add Tag
No Tags, Be the first to tag this record!

MARC

LEADER 00000nam a2200000 a 4500
001 UCU1608
003 CL-VaPUC
008 960409e18560000GW |||||||||||||||||ger|d
082 0 4 |a 509  |b ROM  |2 21 
100 0 |a Romberg, J. A  |e author  |9 357280 
245 1 4 |a Die Wissenschaften im neunzehnten Jahrhundert, ihr Standpunft und die Refultate ihrer Forschungen 
300 |a 4 v 
942 |c BK 
945 |d 19960409 00:00:00  |a lriquelm 
260 |a Leipzig  |b Romberg  |c 1856 
650 0 |a Ciencias  |9 327866 
650 0 |a Historia  |9 255047 
583 |a last modification  |c 19960409 00:00:00  |k Rodrigo Vera 
999 |c 246169  |d 246167 
952 |0 0  |1 0  |4 0  |6 509_000000000000000_ROM_1856  |7 0  |8 P  |9 260918  |a BIBEDU  |b BIBEDU  |c BIBEDU_PB  |d 2019-11-19  |h v.1  |i 2012812  |o 509 ROM 1856  |p 2012812  |r 2024-01-25  |w 2019-11-19  |y BK  |k FIL 
952 |0 0  |1 0  |4 0  |6 509_000000000000000_ROM_1856  |7 0  |8 P  |9 260919  |a BIBEDU  |b BIBEDU  |c BIBEDU_PB  |d 2019-11-19  |h v.2  |i 2015676  |o 509 ROM 1856  |p 2015676  |r 2024-01-25  |w 2019-11-19  |y BK  |k FIL 
952 |0 0  |1 0  |4 0  |6 509_000000000000000_ROM_1856  |7 0  |8 P  |9 260920  |a BIBEDU  |b BIBEDU  |c BIBEDU_PB  |d 2019-11-19  |h v.3  |i 2015722  |o 509 ROM 1856  |p 2015722  |r 2024-01-25  |w 2019-11-19  |y BK  |k FIL 
952 |0 0  |1 0  |4 0  |6 509_000000000000000_ROM_1856  |7 0  |8 P  |9 260921  |a BIBEDU  |b BIBEDU  |c BIBEDU_PB  |d 2019-11-19  |h v.4  |i 2015773  |o 509 ROM 1856  |p 2015773  |r 2024-01-25  |w 2019-11-19  |y BK  |k FIL